| 000 | 00603nam a2200145Ia 4500 | ||
|---|---|---|---|
| 008 | 140724s9999 xx 000 0 und d | ||
| 050 |
_aPN 1991.6 _b.M277 2007 |
||
| 100 | _aMangrobang, Kathrina Dominique O. | ||
| 245 | 4 |
_aThe impact of Radio Jingles to the popularity of Top five FM stations among jeepney drivers paying Alabang-Zapote route in Las Piñas City / _cKathrina Dominque O. Mangrobang. |
|
| 260 |
_aLas Piñas, Philippines : _bSouthville International School and Colleges, _cc2007. |
||
| 300 |
_a164 p. : _bill. ; _c28 cm. |
||
| 521 | _aMass Communication | ||
| 942 | _cTH | ||
| 999 |
_c228885 _d228885 |
||